Načítá se...
Software Reuse: Architecture Process And Organization For Business Success
| Hlavní autor: | |
|---|---|
| Médium: | Printed Book |
| Vydáno: |
Addison Wesley Longman
2000
|
| LEADER | 00481nam a2200133 4500 | ||
|---|---|---|---|
| 020 | |a 981-4053-33-3 | ||
| 082 | |a 005.12 | ||
| 100 | |a Jacobson, Ivar | ||
| 245 | |a Software Reuse: Architecture Process And Organization For Business Success |c Patrik Jonsson |h [Text] | ||
| 260 | |b Addison Wesley Longman |c 2000 | ||
| 300 | |a Paper back | ||
| 942 | |c BK | ||
| 999 | |c 82840 |d 82840 | ||
| 952 | |0 0 |1 0 |4 0 |6 005_120000000000000 |7 0 |9 75032 |a SOCS |b SOCS |d 2015-06-11 |g 450.00 |l 0 |o 005.12 |p SOCS2174 |r 2015-06-11 |w 2015-06-11 |y BK | ||